Crear y animar una biblioteca : (Registro nro. 9174)

Detalles MARC
000 -LIDER
fixed length control field 00835nam a22002537a 4500
001 - NÚMERO DE CONTROL
Identificador de número de control 00077
003 - IDENTIFICACDOR DE NÚMERO DE CONTROL
control field DO-SdBNP
005 - DATE AND TIME OF LATEST TRANSACTION
control field 20180122111926.0
007 - CAMPOS FIJOS DE DESCRIPCIÓN FÍSICA
fixed length control field 00076
008 - ELEMENTOS DE LONGITUD FIJA
fixed length control field 160310b 1986 sp ||||| |||| 00| 0 spa d
020 ## - ISBN
International Standard Book Number 8486168295
040 ## - FUENTE DE CATALOGACIÓN
Agencia que crea de manera original el registro BPMSU
Idioma de catalogación spa
Agencia que realiza la transcripción BPMSU
092 ## - LOCALLY ASSIGNED DEWEY DECIMAL CALL NUMBER
Número de clasificación xxxxxxxx
Número de ítem (Cutter) xxxxxxxx
100 10 - ASIENTO PRINCIPAL -- NOMBRE PERSONAL
Nombre personal Germanaud, Marie-Claire
245 10 - MENCIÓN DE TITULO
Título Crear y animar una biblioteca :
Subtítulo en el medio rural, en las pequeñas poblaciones, en el hospital y en la empresa /
Mención de responsabilidad Marie-Claire Germanaud, Georgette Rappaport
260 ## - PUBLICACIÓN, DISTRIBUCIÓN, ETC. (PIE DE IMPRENTA)
Lugar de publicación, distribución, etc Madrid :
Nombre del editor, distribuidor, etc. Fundación Germán Sánchez Ruipérez.
Fecha de publicación, distribución, etc 1986.
300 ## - DESCRIPCIÓN FÍSICA
Extensión 198 p. :
Otros detalles físicos il.,
Dimensiones 21 cm.
490 00 - MENCIÓN DE SERIES
Mención de serie Biblioteca del libro
700 10 - ASIENTO SECUNDARIO -- NOMBRE PERSONAL
Nombre personal Rappaport, Georgette
830 10 - ASIENTO SECUNDARIO DE SERIE--TÍTULO UNIFORME
Título uniforme Bibliotea del libro
942 ## - ADDED ENTRY ELEMENTS (KOHA)
Source of classification or shelving scheme Dewey Decimal Classification
Koha item type Libros
945 ## - INFORMACIÓN DE PROCESAMIENTO LOCAL
Información de procesamiento local Inventariado extranjero / 2018 VM
956 ## - LOCAL ELECTRONIC LOCATION AND ACCESS (OCLC)
Nombre de host Brenda Tavárez
Existencias
Withdrawn status Lost status Source of classification or shelving scheme Damaged status Not for loan Collection code Home library Current library Date acquired Source of acquisition Total Checkouts Barcode Date last seen Price effective from Koha item type
    Dewey Decimal Classification     Colección General Biblioteca Pública Metropolitana Salomé Ureña Biblioteca Pública Metropolitana Salomé Ureña 03/10/2016   BPMSU16030053 03/10/2016 03/10/2016 Libros